000 00624nam a2200229 a 4500
999 _c8853
_d8853
001 8853
003 BD-JhCC
005 20180305093432.0
008 180305s1973 bg |||| || | 000 0 eng d
035 _a(BD-JhCC)8853
040 _aBD-JhCC
_dBD-JhCC
041 _aeng
082 _a425
_bMOH 1973
100 _aMohiuddin, A. H. M.
245 _aA Text Book of Advanced Funtional English /
_c A. H. M. Mohiuddin and A. F. M. Abul Kasem
260 _aDacca :
_bIdeal Library,
_c1973
300 _a372 p. :
_c22 cm.
650 _aEnglish Language
700 _aKasem, A. F. M. Abul
942 _2ddc
_cBK